| 000 | 00562nam a22001817a 4500 | ||
|---|---|---|---|
| 005 | 20161110114911.0 | ||
| 010 | _aENG-116347 | ||
| 020 |
_a9789350489802 _c400.00 |
||
| 035 | _aEN-99879 | ||
| 037 | _bDBAD/PUB | ||
| 082 | _a320.95443 | ||
| 100 | _aModi,Narendra | ||
| 245 |
_aSocial harmony / _cby Narendra Modi,edited by Kishor Makwana ;Trancleted by Deveng Nanavati |
||
| 260 |
_aNew Delhi _bPrabhat Prakashan _c2016 |
||
| 270 |
_a4/19,Asaf Ali Road _bNew Delhi _e110002 |
||
| 300 |
_a246p. _c22cm(Hb) |
||
| 942 |
_2ddc _cEN _h320.95443 _mMOD |
||
| 999 |
_c101111 _d101111 |
||